American social patterns

Na minha lista:
Detalhes bibliográficos
Autor principal: Petersen, William
Formato: Livro
Idioma:Undetermined
Publicado em: New York Garden City 1956
Assuntos:
Tags: Adicionar Tag
Sem tags, seja o primeiro a adicionar uma tag!
Thư viện lưu trữ: Trung tâm Học liệu Trường Đại học Cần Thơ
LEADER 00543nam a2200205Ia 4500
001 CTU_86075
008 210402s9999 xx 000 0 und d
082 |a 304 
082 |b P478 
100 |a Petersen, William 
245 0 |a American social patterns 
245 0 |c William Petersen 
260 |a New York 
260 |b Garden City 
260 |c 1956 
650 |a African americans,Labor union democracy 
650 |x Housing 
650 |z United states 
904 |i Tuyến 
980 |a Trung tâm Học liệu Trường Đại học Cần Thơ